The effect of di-2-ethylhexyl phthalate on the thermo-oxidative ageing of poly9vinyl chloride)/ epoxidized natural rubber blends (Record no. 70610)

MARC details
000 -LEADER
fixed length control field 00546nam a2200181Ia 4500
100 ## - MAIN ENTRY--AUTHOR NAME
Personal name Ishiaku U S
245 #4 - TITLE STATEMENT
Title The effect of di-2-ethylhexyl phthalate on the thermo-oxidative ageing of poly9vinyl chloride)/ epoxidized natural rubber blends
260 ## - PUBLICATION, DISTRIBUTION, ETC. (IMPRINT)
Name of publisher Polymer International
Year of publication 1996
300 ## - PHYSICAL DESCRIPTION
Number of Pages 327-336
500 ## - GENERAL NOTE
General note Source Year: 1996
650 ## - SUBJECT ADDED ENTRY--TOPICAL TERM
Topical Term Epoxidised natural rubber
700 ## - ADDED ENTRY--PERSONAL NAME
Personal name Ismail H
700 ## - ADDED ENTRY--PERSONAL NAME
Personal name Mohd Ishak Z A
700 ## - ADDED ENTRY--PERSONAL NAME
Personal name Nasir M
856 ## - ELECTRONIC LOCATION AND ACCESS
Uniform Resource Identifier IRRDB
942 ## - ADDED ENTRY ELEMENTS (KOHA)
Koha item type Journals
Holdings
Withdrawn status Lost status Damaged status Not for loan Home library Current library Shelving location Date acquired Serial Enumeration / chronology Koha item type
      Journals RRII Library RRII Library Rubber chemistry 17/12/2021 Volume 41, Issue 3 Journals